000
00283nam a22001337a 4500
003
SGT
082
_a
346.022,GOY
100
_a
GOYAL,B.K.
245
_a
LAW OF CONTRACT
260
_a
NEW DELHI
_b
SINGHAL PUBLICATIONS
_c
1994
300
_a
V.P.
650
_a
CONTRACT
942
_2
ddc
_c
BK
999
_c
10883
_d
10883